| 000 | 00608nam a22001697a 4500 | ||
|---|---|---|---|
| 003 | NUST | ||
| 038 | _aNusrat Nadeem | ||
| 082 | _a200 | ||
| 100 |
_a Ahmed Khurshid _9123497 |
||
| 245 |
_aExperimental and Numerical Studies of Blast, Fragmentation and Thermal Effects Mitigation of Energetic Materials Detonation/ _cKhurshid Ahmed |
||
| 264 |
_aIslamabad; _bSCME NUST; _c2021. |
||
| 300 |
_a135,p; _bill; _c30,cm. |
||
| 650 |
_aPhD-Materials Engineering _9123162 |
||
| 700 |
_aSupervisor: Dr. Abdul Qadeer Malik _9123403 |
||
| 856 | _uhttp://10.250.8.41:8080/xmlui/handle/123456789/34035 | ||
| 942 |
_2ddc _cTHE |
||
| 999 |
_c609675 _d609675 |
||